000 006300000a22001810004500
003 MACL
005 20160515124215.0
008 160515b xxu||||| |||| 00| 0 eng d
040 _aMACL
_cMACL
041 _aHindi
082 _a891.433 CVI
100 _aचिल्‍ड्रन्‍स बुक ट्रस्‍ट
_957394
245 _aकथा-कुंज
_b34 कहानियां
260 _bचिल्‍ड्रन्‍स बुक ट्रस्‍ट
_c1999
_aनई दिल्‍ली
350 _a85
650 _aRhetoric & Collection Of Literature
_99082
942 _cHIN
_k800/CVT/S
_2ddc
999 _c10922
_d10922